Statystyki dla The Chainsmokers - Wszystkie piosenki

Kliknij tutaj aby rozwiązać quiz!

Ogólne statystyki

  • Ten quiz został rozwiązany 9 razy
    (6 od ostatniego zresetowania)
  • Średni wynik to 10 z 49

Statystyki odpowiedzi

Tytuł piosenki% Poprawnych
Closer
100%
Don't Let Me Down
67%
Everybody Hates Me
67%
Paris
50%
Sick Boy
50%
Something Just Like This
50%
High
33%
Hope
33%
Inside Out
33%
iPad
33%
Riptide
33%
#SELFIE
33%
Takeaway
33%
The Rookie
33%
Who Do You Love
33%
All We Know
17%
Beach House
17%
Bloodstream
17%
Break Up Every Night
17%
Call You Mine
17%
Don't Say
17%
Family
17%
Honest
17%
It Won't Kill Ya
17%
Kanye
17%
Kill You Slowly
17%
Last Day Alive
17%
Roses
17%
See The Way
17%
Side Effects
17%
Somebody
17%
The One
17%
The Reaper
17%
Waterbed
17%
Young
17%
You Owe Me
17%
Do You Mean
0%
Good Intentions
0%
Let You Go
0%
My Type
0%
New York City
0%
PS I Hope You're Happy
0%
Save Yourself
0%
Seeting Fires
0%
Siren
0%
Split
0%
This Feeling
0%
Until Were You Gone
0%
Wake Up Alone
0%

Rozkład punktacji

Percentyl według liczby udzielonych odpowiedzi

Procent ludzi z każdym wynikiem

Twoja historia wyników

Nie rozwiązałeś tego quizu od ostatniego zresetowania